000 00373nam a22001577a 4500
020 _a978-1-905158-64-5
082 _a823
_bBUS/B
100 _aBUSTER BOOKS
245 _aTHE BOY'S BOOK
_bBEST EVERYTHING
246 _aTHE BOY'S BOOK
_bBEST EVERYTHING
260 _aUK
_bBUSTER BOOKS
_c2006
300 _a128
520 _aSHORT STORY
650 _aSHORT STORY
942 _cBK
999 _c3258
_d3258